Teams to Score 7 or more goals in Premier League - Statistics

General Stats
  • This quiz has been taken 130 times
    87 since last reset
  • The average score is 19 of 22
Answer Stats
Score Team % Correct
8 Chelsea
100%
Chelsea
100%
Liverpool
100%
Liverpool
100%
9 Manchester United
100%
Manchester United
100%
Manchester United
100%
7 Arsenal
99%
Manchester City
99%
Manchester City
99%
Tottenham Hotspur
94%
Tottenham Hotspur
94%
Newcastle United
87%
Newcastle United
87%
Leicester City
84%
Aston Villa
76%
Everton
72%
Southampton
66%
Blackburn Rovers
59%
Nottingham Forest
59%
Middlesbrough
47%
Portsmouth
43%
No matching quizzes found
Score Distribution
Percent of People with Each Score
Percentile by Number Answered
Your Score History
You have not taken this quiz since the last reset